000 00778 a2200229 4500
999 _c2738
_d2738
020 _a0850927218
050 0 0 _aJF800 HAT 2003
100 1 _aHatchard, John.
245 1 0 _aTackling the unconstitutional overthrow of democracies :
_bemerging trends in the Commonwealth /
_cby John Hatchard & Tunde I. Ogowewo.
264 _aLondon
_bCommonwealth Secretariat
_c2003
300 _a212 p. ;
500 _aDemocracies
504 _aIncludes bibliographical references.
650 0 _aLegitimacy of governments
650 0 _aCoups d'ťat
650 0 _aLegitimacy of governments
650 0 _aCoups d'ťat
700 1 _aOgowewo, Tunde I.
710 2 _aCommonwealth Secretariat.
942 _2lcc
_cBK
_h800
_iHAT
_kJF